000
00276nam a22001097a 4500
008
131217t xxu||||| |||| 00| 0 eng d
020
_a
0-330-02587-2
100
_a
Agatha Christie
_9
437
245
_a
Mrs McGinty's Dead
_b
A Hercule Poirot Mystery
300
_a
340
942
_2
ddc
_c
BK
999
_c
16708
_d
16708